Представление документа в формате MARC21

ПолеНазваниеЗначение
  Тип записи a
  Библиографический уровень m
001 Контрольный номер RU\infra-m\znanium\bibl\2225992
005 Дата корректировки 20260429142111.5
008 Кодируемые данные 251031s2025 RU g rus u
020 Индекс ISBN __
a ISBN 978-5-9729-2478-3
040 Источник каталогиз. __
a Служба первич. каталог. Общество с ограниченной ответственностью «ЗНАНИУМ»
041 Код языка издания __
a Код языка текста rus
044 Код страны публикации __
a Код страны публикации RU
080 Индекс УДК __
a Индекс УДК 621
084 Индекс другой классификации/Индекс ББК __
2 Источник индекса rubbk
a Индекс другой классификации/Индекс ББК 344
084 Индекс другой классификации/Индекс ББК __
2 Источник индекса okso
a Индекс другой классификации/Индекс ББК 15.03.01
084 Индекс другой классификации/Индекс ББК __
2 Источник индекса okso
a Индекс другой классификации/Индекс ББК 15.04.01
084 Индекс другой классификации/Индекс ББК __
2 Источник индекса okso
a Индекс другой классификации/Индекс ББК 15.06.01
100 Автор __
a Автор Богуцкий В.Б.
q Полное имя Богуцкий Владимир Борисович
u Дополнение Севастопольский государственный университет
245 Заглавие __
a Заглавие Технологическая оснастка механообрабатывающего оборудования и гибких производственных модулей. Проектирование и расчет
b Продолж. заглавия Учебное пособие
c Ответственность Севастопольский государственный университет
250 Сведения об издании __
a Основные сведения об издании 1
260 Выходные данные __
a Место издания Вологда
b Издательство Инфра-Инженерия
c Дата издания 2025
300 Физическое описание __
a Объем 236 с.
520 Аннотация __
a Аннотация Приведено содержание практических работ позволяющих усвоить и закрепить знания полученные при проработке теоретических разделов курса «Проектирование и расчет технологической оснастки» а также решать задачу формирования у студентов практических навыков принятия конструкторских решений и выполнения расчетов по изложенным методикам. В теоретических разделах работ рассмотрены основные вопросы конструирования и выполнения расчетов технологической оснастки показаны ее типовые элементы. Значительное внимание уделено оснастке для станков с ЧПУ и гибких производственных систем а также оснастке для ориентирования деталей в условиях автоматизированного производства. В приложении приведены задания к практическим работам и значительный объем справочного материала для их выполнения. Для студентов вузов обучающихся по направлениям подготовки 15.03.0015.04.00 «Машиностроение» а также для студентов учреждений среднего профессионального образования обучающихся по направлению 15.02.00 «Машиностроение». Может использоваться для самостоятельной работы студентов при выполнении выпускных квалификационных работ в отдельных своих частях может представлять интерес для инженерно-технических работников и конструкторов технологической оснастки машиностроительных предприятий.
521 Примеч. о цел. назн. __
a Примеч. о целев. назн. ВО - Бакалавриат
650 Тематические рубрики __
a Основная рубрика Промышленность. Энергетика
x Основная подрубрика Технология машиностроения
655 Указ. предметных рубрик (устаревшее) __
a Жанр/ форма (устаревшее) Учебное пособие
700 Другие авторы __
a Другие авторы Шрон Л.Б.
q Полное имя Шрон Леонид Борисович
u Дополнение Севастопольский государственный университет
856 Электронный адрес документа 4_
a Имя сервера/домена znanium.ru
m Помощь ebs_support@infra-m.ru
n Местонахождение сервера НИЦ ИНФРА-М
u URL https://znanium.ru/catalog/document?id=469600
856 Электронный адрес документа 48
a Имя сервера/домена znanium.ru
d Путь /cover/2225
f Электронное имя 2225992.jpg
q Тип электронного формата image/jpeg
u URL https://znanium.ru/cover/2225/2225992.jpg
911 __
u 0030=https://znanium.ru/catalog/document?id=469600